000 00439nam a2200181Ia 4500
001 3799
005 20260306145710.0
008 260306t2020||||xx |||||||||||||| ||spa||
041 _aESP
082 _a303.483
_bH89
100 _aHui, Yuk,
_eAUT
245 0 _aFragmentar el futuro :
_bensayos sobre tecnodiversidad
260 _c2020
300 _a191 páginas :
_c20 cm.
650 _aGEN
654 _aCHU
942 _cLIB
_dJUS
_fJUS
_2ddc
_n
999 _c3799
_d3799